Qüestions de delinqüència
Publicado:
Barcelona :
Diputació de Barcelona, Servei de Joventut : Ajuntament de Barcelona, Àrea de Joventut, DL 1985
Descripción Física:
15 p. : il. ; 17 x 25 cm
Colección:
Col·lecció quadernets de joventut
Materias:
Delinqüència juvenil
MARC
| LEADER | 00000nam a2200000Ia 4500 | ||
|---|---|---|---|
| 001 | 1976 | ||
| 003 | BGR | ||
| 005 | 20260324175622.0 | ||
| 008 | 160829s9999 xx 000 0 cat d | ||
| 080 | |a FU-5-21 | ||
| 245 | |a Qüestions de delinqüència | ||
| 260 | |a Barcelona : |b Diputació de Barcelona, Servei de Joventut : |b Ajuntament de Barcelona, Àrea de Joventut, DL 1985 | ||
| 300 | |a 15 p. : |b il. ; |c 17 x 25 cm | ||
| 490 | |a Col·lecció quadernets de joventut | ||
| 650 | |a Delinqüència juvenil |9 35414 | ||
| 710 | 1 | |a Barcelona (Catalunya : Província). |b Servei de Joventut |9 54681 | |
| 710 | 1 | |a Barcelona |b Ajuntament. Àrea de Joventut |9 68052 | |
| 901 | |a Arxiu | ||
| 942 | |n 1 |2 udc |c MON | ||
| 952 | |0 0 |1 0 |4 0 |6 FU521 |7 1 |9 46888 |a Arxiu |b Arxiu |d 2016-12-01 |l 0 |o FU-5-21 |p 1976 |r 2016-12-01 00:00:00 |w 2016-12-01 |y ARXIU | ||
| 999 | |c 50681 |d 50681 | ||